Score 0/24 Timer 08:00
1 Play Today
% Correct
Abraham Lincoln (Daniel Day-Lewis in 'Lincoln')
99.5%
Adolf Hitler (Martin Wuttke in 'Inglourious Basterds')
94.3%
George W. Bush (Josh Brolin in 'W.')
93.7%
Mohandas Gandhi (Ben Kingsley in 'Gandhi')
91.1%
Margaret Thatcher (Meryl Streep in 'The Iron Lady')
87.9%
Malcolm X (Denzel Washington in 'Malcolm X')
83.9%
Richard Nixon (Frank Langella in 'Frost/Nixon')
81.4%
Queen Elizabeth I (Cate Blanchett in 'Elizabeth')
79.6%
Wolfgang Amadeus Mozart (Tom Hulce in 'Amadeus')
76.7%
Robert E. Lee (Martin Sheen in 'Gettysburg')
69.6%
William Shakespeare (Joseph Fiennes in 'Shakespeare in Love')
65.6%
John Adams (Paul Giamatti in 'John Adams')
65.3%
% Correct
Spartacus (Kirk Douglas in 'Spartacus')
63.5%
Al Capone (Robert De Niro in 'The Untouchables')
58.6%
Eva Perón (Madonna in 'Evita')
57.8%
Pocahontas (Q'orianka Kilcher in 'The New World')
52.2%
King George VI (Colin Firth in 'The King's Speech')
48.9%
Amelia Earhart (Hilary Swank in 'Amelia')
48.6%
Helen Keller (Patty Duke in 'The Miracle Worker')
48.5%
Jesus Christ (Jim Caviezel in 'The Passion of the Christ')
45.7%
Christopher Columbus (Gerard Depardieu in '1492: Conquest of Paradise')
28.5%
Edward R. Murrow (David Straithairn in 'Good Night and Good Luck')
25.6%
St. Thomas More (Paul Scofield in 'A Man For All Seasons')
12.2%
Emiliano Zapata (Marlon Brando in 'Viva Zapata!')
10%
Remove Ads.
Support Sporcle.
Get the best of Sporcle when you Go Orange. This ad-free experience offers more features, more stats, and more fun while also helping to support Sporcle. Thank you for becoming a member.

You're not logged in!

Compare scores with friends on all Sporcle quizzes.
OR
Log In

Show Comments

Extras

Top Quizzes Today


Score Distribution

Your Account Isn't Verified!

In order to create a playlist on Sporcle, you need to verify the email address you used during registration. Go to your Sporcle Settings to finish the process.

Report this User

Report this user for behavior that violates our Community Guidelines.

Details: